Yetişkin eğitimlerinde oyun : (Record no. 17432)

000 -LEADER
fixed length control field 01218nmm a2200361 a 4500
001 - CONTROL NUMBER
control field ocm0001916842
003 - CONTROL NUMBER IDENTIFIER
control field TR-IsHL
005 - DATE AND TIME OF LATEST TRANSACTION
control field 20201028172913.0
008 - FIXED-LENGTH DATA ELEMENTS--GENERAL INFORMATION
fixed length control field 180714s2015 tu tur
007 - PHYSICAL DESCRIPTION FIXED FIELD--GENERAL INFORMATION
fixed length control field cr cn
020 ## - INTERNATIONAL STANDARD BOOK NUMBER
International Standard Book Number 9786055090586
035 ## - SYSTEM CONTROL NUMBER
System control number 1916842
-- (N$T)
050 04 - LIBRARY OF CONGRESS CALL NUMBER
Classification number LC5225.L42
Item number G85 2015
090 04 - LOCALLY ASSIGNED LC-TYPE CALL NUMBER (OCLC); LOCAL CALL NUMBER (RLIN)
Classification number (OCLC) (R) ; Classification number, CALL (RLIN) (NR) LC5225.L42
Local cutter number (OCLC) ; Book number/undivided call number, CALL (RLIN) G85 2015
100 1# - MAIN ENTRY--PERSONAL NAME
Personal name Gülseven, Mürvet
245 10 - TITLE STATEMENT
Title Yetişkin eğitimlerinde oyun :
Remainder of title öğrenmek hiç bu kadar eğlenceli olmamıştı
Medium [electronic resource] /
Statement of responsibility, etc. Mürvet Gülseven ; yayına hazırlayan Mutlu Dinçer
250 ## - EDITION STATEMENT
Edition statement İkinci basım
260 ## - PUBLICATION, DISTRIBUTION, ETC.
Place of publication, distribution, etc. İstanbul :
Name of publisher, distributor, etc. Optimist Yayım Dağıtım,
Date of publication, distribution, etc. 2015
300 ## - PHYSICAL DESCRIPTION
Extent 299 p.
650 #4 - SUBJECT ADDED ENTRY--TOPICAL TERM
Topical term or geographic name entry element Eğitim
650 #4 - SUBJECT ADDED ENTRY--TOPICAL TERM
Topical term or geographic name entry element Education
650 #0 - SUBJECT ADDED ENTRY--TOPICAL TERM
Topical term or geographic name entry element Yetişkin eğitimi
650 #0 - SUBJECT ADDED ENTRY--TOPICAL TERM
Topical term or geographic name entry element Adult education
650 #0 - SUBJECT ADDED ENTRY--TOPICAL TERM
Topical term or geographic name entry element Yetişkin öğrenimi
650 #0 - SUBJECT ADDED ENTRY--TOPICAL TERM
Topical term or geographic name entry element Adult learning
650 #0 - SUBJECT ADDED ENTRY--TOPICAL TERM
Topical term or geographic name entry element Etkili öğretim
650 #0 - SUBJECT ADDED ENTRY--TOPICAL TERM
Topical term or geographic name entry element Effective teaching
650 #0 - SUBJECT ADDED ENTRY--TOPICAL TERM
Topical term or geographic name entry element Faaliyet programları, Eğitimde
650 #0 - SUBJECT ADDED ENTRY--TOPICAL TERM
Topical term or geographic name entry element Activity programs in education
650 #7 - SUBJECT ADDED ENTRY--TOPICAL TERM
Topical term or geographic name entry element EDUCATION / Educational Psychology
Source of heading or term bisacsh
700 1# - ADDED ENTRY--PERSONAL NAME
Personal name Dinçer, Mutlu
856 40 - ELECTRONIC LOCATION AND ACCESS
Uniform Resource Identifier <a href="http://search.ebscohost.com/login.aspx?direct=true&scope=site&db=e011xww&AN=1916842">http://search.ebscohost.com/login.aspx?direct=true&scope=site&db=e011xww&AN=1916842</a>
Holdings
Withdrawn status Lost status Source of classification or shelving scheme Damaged status Not for loan Collection code Permanent Location Current Location Date acquired Total Checkouts Full call number Barcode Date last seen Price effective from Koha item type
        Online   Kıbrıs Amerikan Üniversitesi Kütüphanesi / American University of Cyprus Kıbrıs Amerikan Üniversitesi Kütüphanesi / American University of Cyprus 28.10.2020   LC5225.L42 G85 2015 1916842 28.10.2020 28.10.2020 E-Kitap
Devinim Yazılım Eğitim Danışmanlık tarafından Koha'nın orjinal sürümü uyarlanarak geliştirilip kurulmuştur.